| 000 | 00529nam a2200229Ia 4500 | ||
|---|---|---|---|
| 003 | IT-RoPAU | ||
| 008 | 120407s9999 xx 000 0 und d | ||
| 040 | _aIT-RoPAU | ||
| 040 | _cIT-RoPAU | ||
| 041 | _afra | ||
| 100 | _aAfrate | ||
| 245 | _aLes exposés | ||
| 250 | _aParis | ||
| 260 | _aDu Cerf | ||
| 260 | _c1988 | ||
| 300 | _c19.5 cm | ||
| 490 | _aSources | ||
| 490 | _v11 | ||
| 600 | _a"Io Tome: Exposés I-X 518 p. Sources C., 349 2o Tome: Exposés XI-XXIII 1042 p. Sources C. 359" | ||
| 942 | _cBK | ||
| 999 |
_c37 _d37 |
||